Pays d'Europe à l'aveugle - Statistiques

Statistiques générales
  • Ce quiz a été pris 595 fois
  • Le résultat moyen est 42 sur 45
Statistiques - réponses
Réponse % Correct
France
98%
Espagne
97%
Portugal
96%
Belgique
95%
Estonie
95%
Italie
95%
Lituanie
95%
Norvège
95%
Slovaquie
95%
Suède
95%
Allemagne
94%
Croatie
94%
Finlande
94%
Irlande
94%
Lettonie
94%
Luxembourg
94%
Pologne
94%
Royaume-Uni
94%
Slovénie
94%
Andorre
93%
Pays-Bas
93%
Suisse
93%
Autriche
92%
Danemark
92%
Grèce
92%
Roumanie
92%
Russie
92%
Biélorussie
91%
Hongrie
91%
Islande
91%
Liechtenstein
91%
Malte
91%
République tchèque
91%
Serbie
91%
Bulgarie
90%
Saint-Marin
90%
Ukraine
90%
Vatican
90%
Albanie
89%
Kosovo
89%
Macédoine du Nord
89%
Monaco
89%
Bosnie-Herzégovine
88%
Montenegro
88%
Moldavie
86%
Aucun quiz correspondant
Distribution des résultats
% des personnes avec chaque résultat
Percentile par nombre de réponses
Votre historique - résultats
Vous n’avez pas pris ce quiz